000
00198 a2200097 4500
001
6552
100
_a
Dorf, R.C
245
_a
Modern control systems
260
_a
_b
Addison
_c
090
_c
5407
_d
5407
942
_a
NUST-CAE
_c
M
_c
31831
999
_c
241625
_d
241625